[Event "RN-2018-0-01413"]
[Site "LSS email"]
[Date "2018.03.10"]
[Round "?"]
[White "Barsabas, Jose"]
[Black "Chandler, Mark"]
[Result "0-1"]
[WhiteElo "1186"]
[BlackElo "1067"]
[PlyCount "30"]
[EventDate "2018.02.27"]
[EventType "tourn (corr)"]
[EventRounds "6"]
[EventCountry "GER"]
[SourceTitle "Corr 2022"]
[Source "ChessBase"]
[SourceDate "2021.10.24"]
[SourceVersion "1"]
[SourceVersionDate "2021.10.24"]
[SourceQuality "1"]

1. e4 e5 2. Nf3 Nf6 3. d4 Nxe4 4. Bd3 d5 5. Nxe5 Bd6 6. 0-0 0-0 7. c4 c6 8. Nc3 Bxe5 9. dxe5 Nxc3 10. bxc3 dxc4 11. Bxc4 Qh4 12. Qe2 Nd7 13. Bxf7+ Rxf7 14. e6 Re7 15. Ba3 c5 0-1

[Event "RF-2018-0-00425"]
[Site "LSS email"]
[Date "2018.03.09"]
[Round "?"]
[White "Chandler, Mark"]
[Black "Csoma, Robert"]
[Result "1/2-1/2"]
[WhiteElo "1072"]
[BlackElo "1183"]
[PlyCount "82"]
[EventDate "2018.01.25"]
[EventType "tourn (corr)"]
[EventRounds "6"]
[EventCountry "GER"]
[SourceTitle "Corr 2022"]
[Source "ChessBase"]
[SourceDate "2021.10.24"]
[SourceVersion "1"]
[SourceVersionDate "2021.10.24"]
[SourceQuality "1"]

1. e4 d6 2. d4 Nf6 3. Nc3 g6 4. Nf3 Bg7 5. Bc4 0-0 6. 0-0 c6 7. Bg5 Nxe4 8. Nxe4 d5 9. Bxd5 cxd5 10. Nc5 b6 11. Nb3 h6 12. Be3 Ba6 13. Re1 Nd7 14. Qd2 Rc8 15. Bxh6 Nf6 16. Bxg7 Kxg7 17. c3 Ne4 18. Qe3 e6 19. Ne5 f6 20. Ng4 Rh8 21. h3 Qd6 22. Nd2 Nxd2 23. Qxd2 Rce8 24. Re3 e5 25. Rg3 exd4 26. Qxd4 Re4 27. Qd2 Rhe8 28. Ne3 Qe5 29. Rd1 Rd8 30. Nxd5 Re2 31. Rxg6+ Kxg6 32. Nf4+ Qxf4 33. Qxf4 Rxd1+ 34. Kh2 Rdd2 35. Qg4+ Kf7 36. Qh5+ Ke6 37. Qe8+ Kd5 38. Qd7+ Ke4 39. Qe6+ Kd3 40. Qf5+ Kc4 41. Qf4+ Kd3 1/2-1/2

[Event "RN-2018-0-01413"]
[Site "LSS email"]
[Date "2018.03.09"]
[Round "?"]
[White "Chandler, Mark"]
[Black "Kuttner, Jaromir"]
[Result "1-0"]
[WhiteElo "1067"]
[BlackElo "912"]
[PlyCount "21"]
[EventDate "2018.02.27"]
[EventType "tourn (corr)"]
[EventRounds "6"]
[EventCountry "GER"]
[SourceTitle "Corr 2022"]
[Source "ChessBase"]
[SourceDate "2021.10.24"]
[SourceVersion "1"]
[SourceVersionDate "2021.10.24"]
[SourceQuality "1"]

1. e4 d5 2. exd5 Qxd5 3. Nc3 Qa5 4. Bc4 c6 5. Qf3 Bf5 6. b4 Qe5+ 7. Nge2 e6 8. d4 Qc7 9. Bf4 Bd6 10. d5 cxd5 11. Nb5 1-0

[Event "RF-2018-0-00425"]
[Site "LSS email"]
[Date "2018.03.09"]
[Round "?"]
[White "Chandler, Mark"]
[Black "Pliska, Miroslav"]
[Result "0-1"]
[WhiteElo "1072"]
[BlackElo "1189"]
[PlyCount "70"]
[EventDate "2018.01.25"]
[EventType "tourn (corr)"]
[EventRounds "6"]
[EventCountry "GER"]
[SourceTitle "Corr 2022"]
[Source "ChessBase"]
[SourceDate "2021.10.24"]
[SourceVersion "1"]
[SourceVersionDate "2021.10.24"]
[SourceQuality "1"]

1. e4 Nf6 2. Nc3 d5 3. exd5 Nxd5 4. Nxd5 Qxd5 5. Nf3 Bg4 6. c4 Bxf3 7. Qxf3 Qxf3 8. gxf3 Nd7 9. d4 e6 10. Bd2 0-0-0 11. b4 Be7 12. c5 Bf6 13. Be3 Rhe8 14. c6 Nb6 15. cxb7+ Kxb7 16. a4 Bxd4 17. Ra2 Rd6 18. a5 Bc3+ 19. Bd2 Nd5 20. a6+ Kb6 21. b5 Bxd2+ 22. Rxd2 Nc3 23. Rg1 g6 24. Rg4 Rxd2 25. Kxd2 Nxb5 26. Rb4 c6 27. Rc4 Rd8+ 28. Ke3 Rd5 29. f4 Rc5 30. Rb4 Kxa6 31. Rd4 Rd5 32. Rc4 Kb6 33. Bg2 Rc5 34. Rb4 a5 35. Rb3 Rc3+ 0-1

[Event "RF-2018-0-00425"]
[Site "LSS email"]
[Date "2018.03.09"]
[Round "?"]
[White "Shim Ng Min, Francis"]
[Black "Chandler, Mark"]
[Result "1-0"]
[WhiteElo "1143"]
[BlackElo "1072"]
[PlyCount "47"]
[EventDate "2018.01.25"]
[EventType "tourn (corr)"]
[EventRounds "6"]
[EventCountry "GER"]
[SourceTitle "Corr 2022"]
[Source "ChessBase"]
[SourceDate "2021.10.24"]
[SourceVersion "1"]
[SourceVersionDate "2021.10.24"]
[SourceQuality "1"]

1. e4 e5 2. Nf3 Nf6 3. d4 Nxe4 4. Bd3 d5 5. Nxe5 Bd6 6. 0-0 0-0 7. c4 Bxe5 8. dxe5 Bf5 9. f3 Ng3 10. hxg3 Be6 11. cxd5 Bxd5 12. Nc3 c6 13. Be3 Nd7 14. Nxd5 cxd5 15. f4 b6 16. Qh5 h6 17. Rae1 d4 18. Bxd4 Nf6 19. exf6 Qxd4+ 20. Kh2 Qxd3 21. f5 Kh7 22. Rf4 g6 23. fxg6+ fxg6 24. Re7+ 1-0

[Event "IECC CL0-2018.00 email"]
[Site "IECC email"]
[Date "2018.01.04"]
[Round "?"]
[White "Shim Ng Min, Francis"]
[Black "Chandler, Mark"]
[Result "1/2-1/2"]
[WhiteElo "1257"]
[BlackElo "1061"]
[PlyCount "31"]
[EventDate "2017.12.06"]
[EventType "tourn (corr)"]
[EventRounds "4"]
[SourceTitle "Corr 2022"]
[Source "ChessBase"]
[SourceDate "2021.10.24"]
[SourceVersion "1"]
[SourceVersionDate "2021.10.24"]
[SourceQuality "1"]

1. e4 e5 2. Nf3 Nf6 3. d4 Nxe4 4. Bd3 d5 5. Nxe5 Bd6 6. 0-0 0-0 7. c4 Bxe5 8. dxe5 Nc6 9. cxd5 Qxd5 10. Qf3 Bf5 11. Qxf5 Qxd3 12. Nc3 Nc5 13. Qxd3 Nxd3 14. f4 Nxc1 15. Raxc1 Nd4 16. Rfd1 1/2-1/2

[Event "RN-2017-0-01367"]
[Site "LSS email"]
[Date "2017.11.15"]
[Round "?"]
[White "Chandler, Mark"]
[Black "Cherry, Brian"]
[Result "1-0"]
[WhiteElo "1059"]
[BlackElo "422"]
[PlyCount "55"]
[EventDate "2017.11.07"]
[EventType "tourn (corr)"]
[EventRounds "6"]
[EventCountry "GER"]
[SourceTitle "Corr 2022"]
[Source "ChessBase"]
[SourceDate "2021.10.24"]
[SourceVersion "1"]
[SourceVersionDate "2021.10.24"]
[SourceQuality "1"]

1. e4 e5 2. Nf3 Nc6 3. d4 exd4 4. Nxd4 Nxd4 5. Qxd4 f6 6. Be2 b6 7. Qd5 c6 8. Qb3 Ne7 9. 0-0 Qc7 10. f4 d6 11. Bd2 Bd7 12. Na3 d5 13. exd5 Nxd5 14. Rae1 0-0-0 15. Ba6+ Kb8 16. c4 Ne7 17. f5 Bxf5 18. Bf4 Rd6 19. Rd1 Ng6 20. Bg3 Ne5 21. Rxd6 Bxd6 22. Rxf5 Re8 23. Nc2 Rd8 24. Rf1 Qe7 25. Kh1 g5 26. Re1 Qg7 27. Nd4 Rf8 28. Ne6 1-0

[Event "RF-2017-0-00413"]
[Site "LSS email"]
[Date "2017.11.15"]
[Round "?"]
[White "Chandler, Mark"]
[Black "Pliska, Miroslav"]
[Result "1-0"]
[WhiteElo "1068"]
[BlackElo "1193"]
[PlyCount "37"]
[EventDate "2017.10.15"]
[EventType "tourn (corr)"]
[EventRounds "6"]
[EventCountry "GER"]
[SourceTitle "Corr 2022"]
[Source "ChessBase"]
[SourceDate "2021.10.24"]
[SourceVersion "1"]
[SourceVersionDate "2021.10.24"]
[SourceQuality "1"]

1. e4 c5 2. Nf3 Nc6 3. Bb5 Qc7 4. 0-0 e6 5. d4 cxd4 6. Bxc6 bxc6 7. c4 dxc3 8. Nxc3 Bb4 9. Qd4 Bxc3 10. Qxc3 Nf6 11. Bg5 Ke7 12. e5 Rg8 13. exf6+ gxf6 14. Qxf6+ Kf8 15. Bh6+ Ke8 16. Ng5 d5 17. Nxh7 Ba6 18. Qh4 Qe7 19. Bg5 1-0

[Event "SN-2017-0-00880"]
[Site "LSS email"]
[Date "2017.09.24"]
[Round "?"]
[White "Chandler, Mark"]
[Black "Neuhausen, Rainer"]
[Result "1-0"]
[WhiteElo "1060"]
[BlackElo "1061"]
[PlyCount "73"]
[EventDate "2017.09.09"]
[EventType "tourn (corr)"]
[EventRounds "6"]
[EventCountry "GER"]
[SourceTitle "Corr 2022"]
[Source "ChessBase"]
[SourceDate "2021.10.24"]
[SourceVersion "1"]
[SourceVersionDate "2021.10.24"]
[SourceQuality "1"]

1. e4 e5 2. Nf3 Nc6 3. d4 exd4 4. Nxd4 Bc5 5. Nxc6 Qf6 6. Qf3 Qxc6 7. Bc4 Nf6 8. e5 Qxf3 9. gxf3 Nh5 10. Be3 d6 11. Bxc5 dxc5 12. Nc3 Nf4 13. 0-0-0 c6 14. Ne4 b5 15. Bf1 c4 16. Nd6+ Ke7 17. Rg1 g6 18. Rd4 Ne6 19. Rd2 Nc7 20. Bg2 Nd5 21. f4 Be6 22. Rgd1 b4 23. Nxc4 a5 24. Bxd5 Bxd5 25. Nb6 Rad8 26. Nxd5+ cxd5 27. Rxd5 Rxd5 28. Rxd5 Ra8 29. Kd2 f6 30. c4 bxc3+ 31. Kxc3 fxe5 32. fxe5 Ke6 33. Rb5 a4 34. f4 Kf5 35. Rb4 Rc8+ 36. Rc4 Re8 37. Rxa4 1-0

[Event "RF-2017-0-00404"]
[Site "LSS email"]
[Date "2017.09.05"]
[Round "?"]
[White "Chandler, Mark"]
[Black "Chura, Michal"]
[Result "0-1"]
[WhiteElo "1064"]
[BlackElo "1215"]
[PlyCount "46"]
[EventDate "2017.07.28"]
[EventType "tourn (corr)"]
[EventRounds "6"]
[EventCountry "GER"]
[SourceTitle "Corr 2022"]
[Source "ChessBase"]
[SourceDate "2021.10.24"]
[SourceVersion "1"]
[SourceVersionDate "2021.10.24"]
[SourceQuality "1"]

1. e4 c5 2. Nf3 Nc6 3. Bb5 e6 4. 0-0 Nge7 5. d4 a6 6. Bxc6 Nxc6 7. d5 Ne7 8. c4 Ng6 9. e5 d6 10. exd6 Bxd6 11. Bg5 Qc7 12. Nc3 0-0 13. Ne4 e5 14. h4 Bg4 15. Qb3 f5 16. Nxd6 Qxd6 17. Nh2 Bh5 18. Qxb7 h6 19. Bd2 Nxh4 20. f4 e4 21. Bc3 Qg6 22. Kf2 Qxg2+ 23. Ke1 Qe2# 0-1

[Event "RF-2017-0-00404"]
[Site "LSS email"]
[Date "2017.09.05"]
[Round "?"]
[White "Pliska, Miroslav"]
[Black "Chandler, Mark"]
[Result "1-0"]
[WhiteElo "1163"]
[BlackElo "1064"]
[PlyCount "71"]
[EventDate "2017.07.28"]
[EventType "tourn (corr)"]
[EventRounds "6"]
[EventCountry "GER"]
[SourceTitle "Corr 2022"]
[Source "ChessBase"]
[SourceDate "2021.10.24"]
[SourceVersion "1"]
[SourceVersionDate "2021.10.24"]
[SourceQuality "1"]

1. f4 e5 2. fxe5 d6 3. exd6 Bxd6 4. Nf3 Bg4 5. g3 Qe7 6. Bg2 Nf6 7. 0-0 Nbd7 8. Nc3 Bc5+ 9. Kh1 0-0-0 10. d3 h5 11. Bg5 Be3 12. Nd5 Qc5 13. Nxe3 Bxf3 14. exf3 Qxg5 15. f4 Qc5 16. Qf3 c6 17. Nc4 h4 18. Rae1 h3 19. Rf2 Ng4 20. Rfe2 hxg2+ 21. Rxg2 f5 22. a3 Rh3 23. Ree2 Nb6 24. Ne5 Nf6 25. Nf7 Rd4 26. Re5 Qf8 27. Ng5 Ng4 28. Nxh3 Nxe5 29. fxe5 Nd7 30. Re2 Rd5 31. e6 Ne5 32. Qf4 Qf6 33. e7 Kd7 34. d4 Qd6 35. Qxf5+ Kxe7 36. Rxe5+ 1-0

[Event "RF-2017-0-00404"]
[Site "LSS email"]
[Date "2017.09.05"]
[Round "?"]
[White "Raines, David T"]
[Black "Chandler, Mark"]
[Result "0-1"]
[WhiteElo "1275"]
[BlackElo "1064"]
[PlyCount "86"]
[EventDate "2017.07.28"]
[EventType "tourn (corr)"]
[EventRounds "6"]
[EventCountry "GER"]
[SourceTitle "Corr 2022"]
[Source "ChessBase"]
[SourceDate "2021.10.24"]
[SourceVersion "1"]
[SourceVersionDate "2021.10.24"]
[SourceQuality "1"]

1. d4 Nf6 2. c4 c5 3. Nf3 cxd4 4. Nxd4 e5 5. Nf5 d5 6. Ne3 d4 7. Nc2 Bg4 8. g3 d3 9. Qxd3 Qxd3 10. exd3 Bf3 11. Rg1 Nc6 12. Nd2 Bh5 13. h3 0-0-0 14. g4 Bg6 15. g5 Nh5 16. Ne4 Nd4 17. Nxd4 Bxe4 18. dxe4 Rxd4 19. f3 Bb4+ 20. Kf2 Bc5 21. Be3 Rd2+ 22. Be2 Bxe3+ 23. Kxe3 Rhd8 24. Rgd1 Rxb2 25. Rxd8+ Kxd8 26. Rd1+ Kc7 27. Rd2 Rxd2 28. Kxd2 f6 29. gxf6 Nxf6 30. Kc3 h6 31. Kb4 Nd7 32. c5 a6 33. Bc4 Nf6 34. a4 g5 35. Be6 Nh5 36. Kc4 Nf4 37. Bf5 Kc6 38. a5 Ne2 39. Bc8 Ng3 40. Be6 Ne2 41. Bd5+ Kc7 42. Be6 h5 43. Bf7 Nf4 0-1

[Event "SN-2017-0-00861"]
[Site "LSS email"]
[Date "2017.06.24"]
[Round "?"]
[White "Chandler, Mark"]
[Black "Ducharme, Steven"]
[Result "1/2-1/2"]
[WhiteElo "1061"]
[BlackElo "820"]
[PlyCount "88"]
[EventDate "2017.06.10"]
[EventType "tourn (corr)"]
[EventRounds "6"]
[EventCountry "GER"]
[SourceTitle "Corr 2022"]
[Source "ChessBase"]
[SourceDate "2021.10.24"]
[SourceVersion "1"]
[SourceVersionDate "2021.10.24"]
[SourceQuality "1"]

1. e4 d6 2. d4 Nf6 3. Nc3 Nbd7 4. Nf3 g6 5. Bg5 Bg7 6. Bd3 0-0 7. 0-0 h6 8. Bf4 Nh5 9. Be3 b6 10. Qd2 Kh7 11. h3 e5 12. Nh4 Qxh4 13. Nd5 c6 14. Nb4 Bb7 15. Be2 a5 16. Nd3 exd4 17. Bf4 Ne5 18. Bxh5 Qxh5 19. Rae1 Nxd3 20. cxd3 Be5 21. Kh2 Bxf4+ 22. Qxf4 Qe5 23. Qxe5 dxe5 24. a4 b5 25. Ra1 b4 26. Rac1 f5 27. Rc5 Rfe8 28. f3 f4 29. g3 Re6 30. gxf4 exf4 31. Rfc1 h5 32. h4 Kg7 33. Rg5 Kf6 34. Rcc5 Bc8 35. Kg1 Ra6 36. Kf2 Bd7 37. b3 Be8 38. Rxa5 Rxa5 39. Rxa5 Re5 40. Ra8 g5 41. a5 gxh4 42. a6 Ra5 43. Rxe8 Rxa6 44. Rf8+ Kg5 1/2-1/2

[Event "SN-2017-0-00861"]
[Site "LSS email"]
[Date "2017.06.24"]
[Round "?"]
[White "Semenov, Zhenya"]
[Black "Chandler, Mark"]
[Result "0-1"]
[WhiteElo "873"]
[BlackElo "1061"]
[PlyCount "92"]
[EventDate "2017.06.10"]
[EventType "tourn (corr)"]
[EventRounds "6"]
[EventCountry "GER"]
[SourceTitle "Corr 2022"]
[Source "ChessBase"]
[SourceDate "2021.10.24"]
[SourceVersion "1"]
[SourceVersionDate "2021.10.24"]
[SourceQuality "1"]

1. d4 f5 2. c4 d6 3. Nc3 Nf6 4. Nf3 Nc6 5. h3 e5 6. dxe5 dxe5 7. Qxd8+ Kxd8 8. Bg5 Be7 9. 0-0-0+ Ke8 10. Bxf6 Bxf6 11. Nd5 Bd8 12. b4 e4 13. Nd4 Nxd4 14. Rxd4 Be6 15. e3 Bxd5 16. Rxd5 Rf8 17. Be2 c6 18. Rd2 Bf6 19. Rhd1 Rd8 20. a4 Rxd2 21. Rxd2 Bc3 22. Rc2 Bxb4 23. g4 f4 24. Kb2 Be1 25. exf4 Rxf4 26. Bf1 Rxf2 27. Rxf2 Bxf2 28. Kc3 Ke7 29. Bg2 e3 30. Kd3 Kd6 31. h4 g6 32. h5 Kc5 33. hxg6 hxg6 34. Bf3 Kb4 35. Bd1 b5 36. axb5 cxb5 37. cxb5 Kxb5 38. Kc3 Be1+ 39. Kb3 Bd2 40. Be2+ Kc5 41. Kc2 Kd4 42. Ba6 Ke4 43. Bd3+ Kf3 44. Kd1 a5 45. Be2+ Kf2 46. Bd3 a4 0-1

[Event "RN-2017-0-01298"]
[Site "LSS email"]
[Date "2017.06.06"]
[Round "?"]
[White "Chandler, Mark"]
[Black "Strnad, Pavel"]
[Result "1-0"]
[WhiteElo "1034"]
[BlackElo "562"]
[PlyCount "39"]
[EventDate "2017.05.24"]
[EventType "tourn (corr)"]
[EventRounds "6"]
[EventCountry "GER"]
[SourceTitle "Corr 2022"]
[Source "ChessBase"]
[SourceDate "2021.10.24"]
[SourceVersion "1"]
[SourceVersionDate "2021.10.24"]
[SourceQuality "1"]

1. e4 d6 2. d4 Nf6 3. Nc3 c6 4. Bd3 e5 5. dxe5 dxe5 6. Nf3 Bg4 7. 0-0 Bb4 8. h3 Bh5 9. a3 Bxc3 10. bxc3 0-0 11. c4 Nbd7 12. Be2 h6 13. Bb2 Re8 14. Nd2 Bxe2 15. Qxe2 Nc5 16. Nf3 Qc7 17. Nd2 a6 18. Qe3 Re7 19. Qxc5 b6 20. Qe3 1-0

[Event "RN-2017-0-01293"]
[Site "LSS email"]
[Date "2017.05.22"]
[Round "?"]
[White "Chandler, Mark"]
[Black "Lenz, Juergen"]
[Result "0-1"]
[WhiteElo "1047"]
[BlackElo "1001"]
[PlyCount "64"]
[EventDate "2017.05.09"]
[EventType "tourn (corr)"]
[EventRounds "6"]
[EventCountry "GER"]
[SourceTitle "Corr 2022"]
[Source "ChessBase"]
[SourceDate "2021.10.24"]
[SourceVersion "1"]
[SourceVersionDate "2021.10.24"]
[SourceQuality "1"]

1. e4 Nf6 2. Bc4 d5 3. Bxd5 Nxd5 4. exd5 Qxd5 5. d4 c5 6. Nc3 Qxd4 7. Qxd4 cxd4 8. Nb5 Na6 9. Bf4 f6 10. Bc7 Bd7 11. a4 Nb4 12. 0-0-0 e5 13. Nd6+ Ke7 14. Nf3 Nd5 15. Rhe1 Nxc7 16. Nc4 Be6 17. Ncd2 Kf7 18. Ne4 Rc8 19. c3 dxc3 20. bxc3 Ba3+ 21. Kc2 Nd5 22. Nxe5+ fxe5 23. Ra1 Be7 24. Kd2 Rhd8 25. Ke2 Nxc3+ 26. Kf1 Nxe4 27. Rxe4 Bd5 28. Rxe5 Bf6 29. Rf5 Kg6 30. g4 Bxa1 31. f3 Bc6 32. h4 h6 0-1

[Event "RN-2017-0-01293"]
[Site "LSS email"]
[Date "2017.05.22"]
[Round "?"]
[White "Heiser, Jerome"]
[Black "Chandler, Mark"]
[Result "0-1"]
[WhiteElo "555"]
[BlackElo "1047"]
[PlyCount "74"]
[EventDate "2017.05.09"]
[EventType "tourn (corr)"]
[EventRounds "6"]
[EventCountry "GER"]
[SourceTitle "Corr 2022"]
[Source "ChessBase"]
[SourceDate "2021.10.24"]
[SourceVersion "1"]
[SourceVersionDate "2021.10.24"]
[SourceQuality "1"]

1. e4 e5 2. Nf3 Nf6 3. d4 Nxe4 4. Bd3 d5 5. 0-0 Bd6 6. dxe5 Bc5 7. Bxe4 dxe4 8. Qxd8+ Kxd8 9. Ng5 Ke7 10. Nxe4 Bd4 11. Bf4 Bf5 12. c3 Bxe4 13. cxd4 Nc6 14. Nd2 Nxd4 15. Nxe4 Ne2+ 16. Kh1 Nxf4 17. g3 Nd3 18. b3 Nxe5 19. Rac1 c6 20. Nc5 b6 21. Ne4 Rad8 22. f4 f5 23. fxe5 fxe4 24. Rxc6 Rd7 25. Re1 Rhd8 26. Rc4 Ke6 27. Rcxe4 Rd1 28. Kg2 Rxe1 29. Rxe1 Rd2+ 30. Kh3 Rxa2 31. Kg4 Rf2 32. h4 Rf5 33. h5 Rxe5 34. Rxe5+ Kxe5 35. Kg5 a5 36. Kh4 b5 37. g4 a4 0-1

[Event "SN-2017-0-00848"]
[Site "LSS email"]
[Date "2017.05.07"]
[Round "?"]
[White "Venturas, Bob"]
[Black "Chandler, Mark"]
[Result "0-1"]
[WhiteElo "693"]
[BlackElo "1035"]
[PlyCount "124"]
[EventDate "2017.04.23"]
[EventType "tourn (corr)"]
[EventRounds "6"]
[EventCountry "GER"]
[SourceTitle "Corr 2022"]
[Source "ChessBase"]
[SourceDate "2021.10.24"]
[SourceVersion "1"]
[SourceVersionDate "2021.10.24"]
[SourceQuality "1"]

1. e4 e5 2. Nf3 Nf6 3. Nc3 Bb4 4. d3 d6 5. h3 d5 6. Bd2 Nc6 7. Be2 d4 8. Nb5 Be7 9. 0-0 a6 10. Na3 0-0 11. Nc4 b5 12. Na3 Bxa3 13. bxa3 Qd6 14. Nh2 Qxa3 15. Qe1 Qd6 16. f4 Bb7 17. Qg3 Rae8 18. f5 Ne7 19. Bh6 Nh5 20. Bxh5 Qxh6 21. Qg4 g6 22. f6 Bc8 23. Qf3 Qe3+ 24. Qxe3 dxe3 25. fxe7 Rxe7 26. Be2 f5 27. exf5 gxf5 28. Rf3 f4 29. a3 h5 30. Rb1 Rg7 31. c4 bxc4 32. dxc4 e4 33. Rff1 Bxh3 34. Rfe1 Rxg2+ 35. Kh1 f3 36. Bf1 e2 37. Bxg2 fxg2+ 38. Kg1 Rf1+ 39. Nxf1 exf1Q+ 40. Rxf1 gxf1Q+ 41. Rxf1 Bxf1 42. Kxf1 Kf7 43. Kf2 Ke6 44. Ke3 h4 45. Kxe4 h3 46. Kf3 Ke5 47. Kg3 Kd4 48. Kxh3 Kxc4 49. Kg3 Kd3 50. Kf3 c5 51. Kf2 Kd2 52. Kf3 c4 53. Ke4 c3 54. Kd5 c2 55. Kc5 c1Q+ 56. Kb6 Qc4 57. Ka7 Kd3 58. a4 Kd4 59. a5 Qb5 60. Ka8 Kc5 61. Ka7 Kc6 62. Ka8 Qb7# 0-1

[Event "SN-2017-0-00843"]
[Site "LSS email"]
[Date "2017.04.17"]
[Round "?"]
[White "Chandler, Mark"]
[Black "Raines, David T"]
[Result "1/2-1/2"]
[WhiteElo "1043"]
[BlackElo "1216"]
[PlyCount "48"]
[EventDate "2017.03.27"]
[EventType "tourn (corr)"]
[EventRounds "6"]
[EventCountry "GER"]
[SourceTitle "Corr 2022"]
[Source "ChessBase"]
[SourceDate "2021.10.24"]
[SourceVersion "1"]
[SourceVersionDate "2021.10.24"]
[SourceQuality "1"]

1. e4 d6 2. d4 Nd7 3. Nf3 c6 4. c4 e5 5. d5 Ngf6 6. Nc3 Be7 7. Be2 0-0 8. 0-0 Re8 9. Be3 Nf8 10. Nh4 Ng6 11. Nxg6 hxg6 12. Rb1 Bd7 13. b4 a5 14. bxa5 Qc8 15. Qb3 Rb8 16. Ba7 Ra8 17. Qxb7 cxd5 18. Nxd5 Nxd5 19. exd5 Qxb7 20. Rxb7 Bc8 21. Rxe7 Rxe7 22. Bb6 Ba6 23. Rc1 Rd7 24. Kf1 f5 1/2-1/2

[Event "RF-2017-0-00364"]
[Site "LSS email"]
[Date "2017.02.09"]
[Round "?"]
[White "Chandler, Mark"]
[Black "Rocek, Vladimir"]
[Result "0-1"]
[WhiteElo "1062"]
[BlackElo "1173"]
[PlyCount "82"]
[EventDate "2017.01.15"]
[EventType "tourn (corr)"]
[EventRounds "6"]
[EventCountry "GER"]
[SourceTitle "Corr 2022"]
[Source "ChessBase"]
[SourceDate "2021.10.24"]
[SourceVersion "1"]
[SourceVersionDate "2021.10.24"]
[SourceQuality "1"]

1. e4 d5 2. exd5 Nf6 3. Nc3 Nxd5 4. Nf3 Nxc3 5. bxc3 Nc6 6. d4 Bg4 7. Be2 e6 8. Bg5 Qd5 9. c4 Qa5+ 10. Bd2 Bb4 11. a3 Bxd2+ 12. Qxd2 Qxd2+ 13. Kxd2 0-0 14. c3 Rad8 15. Rab1 Na5 16. Rb5 b6 17. Rg5 Bf5 18. Nh4 Be4 19. f3 Bg6 20. f4 Nb3+ 21. Ke3 c5 22. Bd1 cxd4+ 23. cxd4 Nxd4 24. Nxg6 hxg6 25. h4 Nf5+ 26. Ke2 Rd4 27. h5 Re4+ 28. Kf3 Rxc4 29. g4 Ne7 30. h6 f6 31. h7+ Kh8 32. Rb5 e5 33. Rb4 Rc3+ 34. Ke2 Rxa3 35. Bc2 Ra2 36. Rc4 Nd5 37. f5 Nf4+ 38. Kf3 Ra3+ 39. Ke4 gxf5+ 40. gxf5 Ne2 41. Rh5 Ng3+ 0-1

[Event "SN-2017-0-00830"]
[Site "LSS email"]
[Date "2017.02.07"]
[Round "?"]
[White "Chandler, Mark"]
[Black "Pauk, Jozef"]
[Result "0-1"]
[WhiteElo "1061"]
[BlackElo "781"]
[PlyCount "73"]
[EventDate "2017.01.25"]
[EventType "tourn (corr)"]
[EventRounds "6"]
[EventCountry "GER"]
[SourceTitle "Corr 2022"]
[Source "ChessBase"]
[SourceDate "2021.10.24"]
[SourceVersion "1"]
[SourceVersionDate "2021.10.24"]
[SourceQuality "1"]

1. e4 e5 2. Nf3 d6 3. d4 exd4 4. Qxd4 c5 5. Bb5+ Bd7 6. Bxd7+ Nxd7 7. Qc3 h6 8. 0-0 Ne7 9. Bf4 Ng6 10. Bg3 Nf6 11. Nbd2 Be7 12. Nh4 Nxh4 13. Bxh4 g5 14. Bg3 0-0 15. Rad1 b5 16. Bxd6 Nh7 17. Bxc5 Bxc5 18. Qxc5 Rc8 19. Qxb5 Rxc2 20. Nc4 Qc7 21. Ne3 Rb8 22. Qd5 Rc5 23. Qd6 Qc8 24. Nf5 Rxf5 25. exf5 Rb6 26. Qd8+ Qxd8 27. Rxd8+ Kg7 28. Rd7 Rxb2 29. Rxa7 Nf6 30. Ra1 Ne4 31. a4 Rxf2 32. Re1 Rf4 33. a5 Nc5 34. Ra1 Rxf5 35. a6 Nb3 36. Ra3 Nd2 37. Rc7 0-1

[Event "RF-2017-0-00364"]
[Site "LSS email"]
[Date "2017.02.06"]
[Round "?"]
[White "Chandler, Mark"]
[Black "Shim Ng Min, Francis"]
[Result "0-1"]
[WhiteElo "1062"]
[BlackElo "1294"]
[PlyCount "78"]
[EventDate "2017.01.15"]
[EventType "tourn (corr)"]
[EventRounds "6"]
[EventCountry "GER"]
[SourceTitle "Corr 2022"]
[Source "ChessBase"]
[SourceDate "2021.10.24"]
[SourceVersion "1"]
[SourceVersionDate "2021.10.24"]
[SourceQuality "1"]

1. e4 c5 2. Nf3 d6 3. Bb5+ Bd7 4. Bxd7+ Nxd7 5. 0-0 e5 6. Nc3 Ngf6 7. d3 Be7 8. Nd5 Nxd5 9. exd5 Nf6 10. c4 0-0 11. Bd2 b6 12. b4 h6 13. bxc5 bxc5 14. Rb1 Qc7 15. Qa4 Rfb8 16. Ba5 Qd7 17. Qxd7 Nxd7 18. Nd2 Rxb1 19. Rxb1 Rb8 20. Rb3 Nb6 21. Ne4 f6 22. Bxb6 Rxb6 23. Rxb6 axb6 24. a4 Kf8 25. Kf1 Ke8 26. Ke2 f5 27. Ng3 f4 28. Nf5 Kf7 29. g3 Kf6 30. g4 Bf8 31. Kf3 h5 32. h3 Kg5 33. Ke4 g6 34. h4+ Kxg4 35. f3+ Kh3 36. a5 bxa5 37. Nd4 exd4 38. Kxf4 Kxh4 39. Ke4 a4 0-1

[Event "RF-2016-0-00357"]
[Site "LSS email"]
[Date "2016.12.28"]
[Round "?"]
[White "Chandler, Mark"]
[Black "Raines, David T"]
[Result "1/2-1/2"]
[WhiteElo "1069"]
[BlackElo "1220"]
[PlyCount "42"]
[EventDate "2016.12.17"]
[EventType "tourn (corr)"]
[EventRounds "6"]
[EventCountry "GER"]
[SourceTitle "Corr 2022"]
[Source "ChessBase"]
[SourceDate "2021.10.24"]
[SourceVersion "1"]
[SourceVersionDate "2021.10.24"]
[SourceQuality "1"]

1. e4 c5 2. Nf3 d6 3. Bb5+ Nd7 4. 0-0 a6 5. Bxd7+ Bxd7 6. d4 cxd4 7. Qxd4 Nf6 8. Rd1 e6 9. Bg5 Be7 10. Nc3 Qc7 11. e5 dxe5 12. Nxe5 Rd8 13. Nxd7 Rxd7 14. Qa4 h6 15. Bf4 e5 16. Bg3 Bd6 17. Ne4 Nxe4 18. Qxe4 0-0 19. Bxe5 Bxe5 20. Rxd7 Bxh2+ 21. Kh1 Qxd7 1/2-1/2